| Tag |
First Indicator |
Second Indicator |
Subfields |
| LEADER |
00000cam a22000001 4500 |
| 001 |
in00000038602 |
| 005 |
20151007081148.0 |
| 008 |
730515s1959 ilua 00000 eng |
| 010 |
|
|
|a 59006742
|
| 035 |
|
|
|a (OCoLC)00225768
|
| 035 |
|
|
|9 AAF5962AM
|
| 040 |
|
|
|a DLC
|c DLC
|d TXA
|d UtOrBLW
|
| 049 |
|
|
|a TXAM
|c [408794]
|
| 050 |
0 |
0 |
|a BF456.R2
|b D4 1959
|
| 082 |
0 |
|
|a 158.8
|
| 092 |
|
|
|a 158.8
|b D332t
|
| 100 |
1 |
|
|a Delacato, Carl H.
|
| 245 |
1 |
4 |
|a The treatment and prevention of reading problems :
|b the neuro-psychological approach.
|
| 264 |
|
1 |
|a Springfield, Ill. :
|b Thomas,
|c [1959]
|
| 300 |
|
|
|a 122 pages :
|b illustrations ;
|c 23 cm.
|
| 336 |
|
|
|a text
|b txt
|2 rdacontent
|
| 337 |
|
|
|a unmediated
|b n
|2 rdamedia
|
| 338 |
|
|
|a volume
|b nc
|2 rdacarrier
|
| 650 |
|
0 |
|a Reading, Psychology of.
|
| 650 |
|
0 |
|a Child psychiatry.
|
| 650 |
|
0 |
|a Child psychology.
|
| 999 |
|
|
|a MARS
|
| 999 |
f |
f |
|s 1d4264e3-c89d-3e1a-92bc-8c9f4236f6de
|i 01015ab0-58bb-31cf-8090-7f67ce9405a8
|t 0
|
| 952 |
f |
f |
|p ric
|a Texas A&M University
|b Rellis Campus
|c Joint Library Facility
|d Remote Storage
|t 0
|e BF456.R2 D4 1959
|h Library of Congress classification
|i unmediated -- volume
|m A14800529001
|
| 998 |
f |
f |
|a BF456.R2 D4 1959
|t 0
|l Remote Storage
|